[Event "K41 Aabent Mesterskab 2009-10"]
[Site "Valby"]
[Date "2010.02.09"]
[Round "7"]
[White "Karup, Jesper"]
[Black "Gjelstrup, Ole"]
[Result "1/2-1/2"]
[WhiteElo "1706"]
[BlackElo "1438"]
[PlyCount "51"]
[EventDate "2009.??.??"]

1. c4 e6 2. Nc3 d5 3. cxd5 exd5 4. d4 Nf6 5. Nf3 Bg4 6. Ne5 Bf5 7. Qb3 Nc6 8.
Nxc6 bxc6 9. Qb7 c5 10. dxc5 Qb8 11. Qa6 Bd7 12. c6 Bc8 13. Qd3 Bb4 14. Bd2 Qb6
15. Qg3 O-O 16. Bh6 Bg4 17. Bxg7 Kxg7 18. h3 d4 19. hxg4 dxc3 20. bxc3 Bd6 21.
Qh4 Qc5 22. Qh6+ Kg8 23. Qxf6 Be5 24. Qg5+ Kh8 25. Rxh7+ Kxh7 26. Qh5+ 1/2-1/2

[Event "K41 Aabent Mesterskab 2009-10"]
[Site "Valby"]
[Date "2010.02.09"]
[Round "7"]
[White "Lofberg, Jan"]
[Black "Rasmussen, Morten(1956)"]
[Result "0-1"]
[WhiteElo "1801"]
[BlackElo "1599"]
[PlyCount "58"]
[EventDate "2009.??.??"]

1. e4 c5 2. b4 cxb4 3. a3 d5 4. exd5 Qxd5 5. Bb2 e5 6. axb4 Bxb4 7. Qh5 Nc6 8.
Nf3 Nf6 9. Qg5 O-O 10. Be2 h6 11. Qh4 Bf5 12. c4 Qd6 13. O-O a6 14. d4 e4 15.
c5 Qd5 16. Nfd2 Nxd4 17. Bxd4 Qxd4 18. Nb3 Qb2 19. Bc4 Bxc5 20. Nxc5 Qxa1 21.
Nd2 Qc3 22. Ndxe4 Nxe4 23. Nxe4 Qd4 24. Re1 Bxe4 25. Rxe4 Qd1+ 26. Bf1 Rad8 27.
Rg4 Rd6 28. Qg3 g6 29. Qe3 Qxg4 0-1

[Event "K41 Aabent Mesterskab 2009-10"]
[Site "Valby"]
[Date "2010.02.09"]
[Round "7"]
[White "Meldal, Peter"]
[Black "Krogh, Soren"]
[Result "1-0"]
[WhiteElo "1380"]
[BlackElo "1183"]
[PlyCount "91"]
[EventDate "2009.??.??"]

1. e4 g6 2. d4 Bg7 3. e5 d6 4. Bb5+ c6 5. Bc4 b5 6. Bb3 h5 7. Nf3 Bg4 8. h3
Bxf3 9. Qxf3 e6 10. Bf4 a5 11. a4 d5 12. O-O Nd7 13. axb5 cxb5 14. Nc3 Qb6 15.
Qd3 Rb8 16. Qd2 Nh6 17. Ne2 Nf5 18. Rxa5 Bh6 19. Bxh6 Nxh6 20. Rfa1 Qc6 21. Ra6
Nb6 22. Ra7 Nf5 23. Qg5 O-O 24. c3 Nc4 25. R7a2 b4 26. Bc2 b3 27. Ra6 Qc8 28.
Bxf5 exf5 29. Nf4 Rb6 30. Rxb6 Nxb6 31. Nxh5 Nd7 32. e6 Nb6 33. exf7+ Kh7 34.
Nf6+ Kg7 35. Ne8+ Rxe8 36. fxe8=Q Qxe8 37. Ra7+ Nd7 38. Qe3 Qf7 39. Rb7 Kf6 40.
Rxb3 g5 41. Rb7 Qe6 42. Kf1 Qxe3 43. fxe3 Ke6 44. b4 Kd6 45. b5 Nf8 46. Rf7 1-0

[Event "K41 Aabent Mesterskab 2009-10"]
[Site "Valby"]
[Date "2010.02.09"]
[Round "7"]
[White "Munk, Poul"]
[Black "Jorgensen, Rasmus"]
[Result "0-1"]
[WhiteElo "1861"]
[BlackElo "1928"]
[PlyCount "78"]
[EventDate "2009.??.??"]

1. c4 e5 2. Nc3 Nc6 3. Nf3 f5 4. d3 Nf6 5. e3 Be7 6. Bd2 O-O 7. Be2 Qe8 8. Nd5
Bd8 9. Bc3 d6 10. Nxf6+ Bxf6 11. Qc2 Qg6 12. g3 Bd7 13. O-O-O a6 14. b3 b5 15.
Rhe1 b4 16. Bb2 a5 17. Qd2 a4 18. Kc2 axb3+ 19. axb3 e4 20. Nh4 exd3+ 21. Qxd3
Ra2 22. Nxg6 Rxb2+ 23. Kc1 hxg6 24. Rd2 Rxd2 25. Qxd2 Bc3 26. Qd5+ Kh7 27. Rd1
Ra8 28. Bd3 Ra1+ 29. Kc2 Ra2+ 30. Kc1 Na5 31. c5 Bc6 32. Qf7 d5 33. Bc2 Ra1+
34. Bb1 Nxb3+ 35. Kc2 Nxc5 36. Rxd5 Ba4+ 37. Kc1 b3 38. Rd2 b2+ 39. Rxb2 Nd3#
0-1

[Event "K41 Aabent Mesterskab 2009-10"]
[Site "Valby"]
[Date "2010.02.09"]
[Round "7"]
[White "Nielsen, Jorgen Holmstrom"]
[Black "Jorgensen, Orla Eilegaard"]
[Result "1-0"]
[WhiteElo "1650"]
[BlackElo "1643"]
[PlyCount "77"]
[EventDate "2009.??.??"]

1. Nc3 Nf6 2. f4 d5 3. d4 Bf5 4. e3 e6 5. Nf3 Ne4 6. Nxe4 Bxe4 7. Be2 Nd7 8.
Bd2 c5 9. O-O Qb6 10. Bc3 Nf6 11. a4 a6 12. Ne5 c4 13. Rb1 a5 14. b3 Qc7 15.
bxc4 Be7 16. c5 O-O 17. Rb6 Nd7 18. Nxd7 Qxd7 19. Bb5 Qc8 20. Bd3 f5 21. Qb1
Ra7 22. Qe1 Bd8 23. Rb5 Qa8 24. Bxe4 fxe4 25. Qe2 Qc8 26. Bb2 Qc6 27. Qg4 Rf5
28. Qe2 b6 29. c4 Raf7 30. Rc1 bxc5 31. g4 R5f6 32. cxd5 exd5 33. Rcxc5 Qa6 34.
Rxd5 Rc6 35. Rxd8+ Rf8 36. Rxf8+ Kxf8 37. Rf5+ Ke7 38. Ba3+ Kd7 39. Qxa6 1-0

[Event "K41 Aabent Mesterskab 2009-10"]
[Site "Valby"]
[Date "2010.02.23"]
[Round "7"]
[White "Nielsen, Michael"]
[Black "Tandrup, Michael"]
[Result "1-0"]
[WhiteElo "2053"]
[BlackElo "1934"]
[PlyCount "81"]
[EventDate "2009.??.??"]

1. e4 c5 2. b3 d6 3. f4 Nc6 4. Nf3 Nf6 5. Nc3 Bg4 6. Bb2 a6 7. Be2 Bxf3 8. Bxf3
Nd4 9. O-O e6 10. e5 dxe5 11. fxe5 Nd7 12. Bxb7 Ra7 13. Be4 Qh4 14. Qe1 Qg5 15.
Na4 Qxe5 16. c3 Bd6 17. g3 Nb5 18. d4 cxd4 19. cxd4 Qg5 20. d5 e5 21. Rc1 O-O
22. Rc6 Nb8 23. Rf5 Qd8 24. Rc2 f6 25. Qc1 Rc7 26. Rff2 Rff7 27. a3 Rxc2 28.
Rxc2 Rc7 29. b4 Nd4 30. Bxd4 exd4 31. Nc5 Qe8 32. Re2 Qh5 33. Qc2 Nd7 34. Bf5
Ne5 35. g4 Qe8 36. Be6+ Kf8 37. Qxh7 Ng6 38. Qg8+ Ke7 39. Qxg7+ Kd8 40. Nb7+
Rxb7 41. Qxb7 1-0

[Event "K41 Aabent Mesterskab 2009-10"]
[Site "Valby"]
[Date "2010.02.09"]
[Round "7"]
[White "Olsen, Kim"]
[Black "Abildgaard, Kenneth"]
[Result "0-1"]
[WhiteElo "1524"]
[BlackElo "1843"]
[PlyCount "76"]
[EventDate "2009.??.??"]

1. c4 c5 2. Nc3 Nc6 3. g3 g6 4. Bg2 Bg7 5. Nf3 Nf6 6. O-O O-O 7. e4 d6 8. d3 a6
9. Be3 Ng4 10. Qd2 Nxe3 11. fxe3 Rb8 12. Rad1 b5 13. b3 b4 14. Nd5 g5 15. Nxg5
e6 16. Nxh7 exd5 17. Nxf8 d4 18. Kh1 Bg4 19. Rde1 Bh6 20. h3 dxe3 21. Rxe3 Ne5
22. Qf2 Bxe3 23. Qxe3 Bc8 24. Rf4 Qxf8 25. Rh4 Qg7 26. Rh5 f6 27. d4 cxd4 28.
Qxd4 Qe7 29. Qd2 Be6 30. Qe3 Bf7 31. Rf5 Bg6 32. Rf2 Kg7 33. Rd2 Nf7 34. Qf4
Re8 35. Kh2 Bxe4 36. Re2 f5 37. g4 Qe5 38. Qg3 f4 0-1

[Event "K41 Aabent Mesterskab 2009-10"]
[Site "Valby"]
[Date "2010.02.09"]
[Round "7"]
[White "Ottosen, Peder"]
[Black "Porte, Henrik"]
[Result "0-1"]
[WhiteElo "2033"]
[BlackElo "2136"]
[PlyCount "46"]
[EventDate "2009.??.??"]

1. d4 d5 2. c4 e6 3. Nc3 c5 4. cxd5 cxd4 5. Qa4+ Bd7 6. Qxd4 exd5 7. Qxd5 Nf6
8. Qxb7 Nc6 9. Bf4 Rc8 10. Nf3 Bc5 11. e3 Nb4 12. Nd4 O-O 13. Be2 Bxd4 14. Qxb4
Bxc3+ 15. bxc3 Nd5 16. Qd4 Nxc3 17. Bd3 Be6 18. Bd6 Re8 19. O-O Bf5 20. Rfc1
Re4 21. Qxa7 Qxd6 22. Qa5 Re5 23. Qa6 Qxd3 0-1

[Event "K41 Aabent Mesterskab 2009-10"]
[Site "Valby"]
[Date "2010.02.09"]
[Round "7"]
[White "Petersen, Steen Brustrup"]
[Black "Moller, Arne Vagn"]
[Result "1-0"]
[WhiteElo "2130"]
[BlackElo "1790"]
[PlyCount "35"]
[EventDate "2009.??.??"]

1. e4 c5 2. Nf3 d6 3. d4 cxd4 4. Nxd4 Nf6 5. Nc3 a6 6. Be3 e6 7. f3 Qc7 8. Qd2
Nc6 9. O-O-O Be7 10. g4 O-O 11. g5 Nd7 12. g6 hxg6 13. h4 Nxd4 14. Bxd4 b5 15.
h5 g5 16. h6 f6 17. hxg7 Kxg7 18. Qxg5+ 1-0

[Event "K41 Aabent Mesterskab 2009-10"]
[Site "Valby"]
[Date "2010.02.09"]
[Round "7"]
[White "Skjoldager, Mikael"]
[Black "Hestehauge, Klaus"]
[Result "1-0"]
[WhiteElo "1753"]
[BlackElo "1925"]
[PlyCount "75"]
[EventDate "2009.??.??"]

1. e4 c6 2. d4 d5 3. Nc3 dxe4 4. Nxe4 Nf6 5. Nxf6+ gxf6 6. c3 Bf5 7. Nf3 e6 8.
g3 h5 9. Nh4 Be4 10. f3 Bh7 11. Bg2 Nd7 12. O-O Be7 13. f4 f5 14. Nf3 h4 15. c4
hxg3 16. hxg3 Bg6 17. Be3 Qc7 18. d5 c5 19. dxe6 fxe6 20. Qa4 Kf7 21. Rad1 Nb6
22. Qa5 Rac8 23. Ne5+ Kg7 24. b4 cxb4 25. Qxa7 Bc5 26. Bd4 Bxd4+ 27. Rxd4 Qc5
28. Rfd1 Rhd8 29. Qxb7+ Kf6 30. g4 Rc7 31. Qxc7 Qxc7 32. g5+ Kg7 33. Rxd8 Qc5+
34. Kh1 Qf2 35. Rb8 Bh5 36. Rb7+ Kf8 37. Rd8+ Be8 38. Ng6+ 1-0

[Event "K41 Aabent Mesterskab 2009-10"]
[Site "Valby"]
[Date "2010.02.09"]
[Round "7"]
[White "Weber, John"]
[Black "Nielsen, Soren Skovso"]
[Result "1-0"]
[WhiteElo "1776"]
[BlackElo "1454"]
[PlyCount "77"]
[EventDate "2009.??.??"]

1. f4 e5 2. fxe5 d6 3. exd6 Bxd6 4. Nf3 Nf6 5. d4 O-O 6. Nc3 Re8 7. Qd3 c6 8.
Bg5 Be6 9. g3 Be7 10. Bg2 Nbd7 11. O-O Qc8 12. e4 Nb6 13. b3 Nbd7 14. Ne2 Qd8
15. Rad1 Qb6 16. Bxf6 Bxf6 17. c3 Rad8 18. Qc2 Bg4 19. Kh1 Qc7 20. e5 Be7 21.
Rf2 Nb6 22. Rdf1 Be6 23. Nf4 Nd5 24. Nxd5 Bxd5 25. Ne1 Be6 26. Nd3 Rf8 27. Nf4
Qc8 28. Nxe6 Qxe6 29. Qf5 Qh6 30. Qd3 Rd7 31. Qc4 Bd8 32. e6 Re7 33. exf7+ Kh8
34. Re2 Qg6 35. Rxe7 Bxe7 36. Qe2 Bf6 37. Qe6 h6 38. Re1 Rxf7 39. Qe8+ 1-0

[Event "K41 Aabent Mesterskab 2009-10"]
[Site "Valby"]
[Date "2010.02.16"]
[Round "8"]
[White "Abildgaard, Kenneth"]
[Black "Weber, John"]
[Result "0-1"]
[WhiteElo "1843"]
[BlackElo "1776"]
[PlyCount "54"]
[EventDate "2009.??.??"]

1. Nf3 Nf6 2. g3 g6 3. Bg2 Bg7 4. O-O O-O 5. d3 d6 6. c4 c5 7. Nc3 Nc6 8. Rb1
e5 9. a3 Rb8 10. b4 b6 11. b5 Nd4 12. Nxd4 exd4 13. Nd5 Nxd5 14. Bxd5 Bb7 15.
Bxb7 Rxb7 16. f4 f5 17. e4 dxe3 18. Bxe3 Re7 19. Qd2 Rfe8 20. Rf3 Rxe3 21. Rxe3
Rxe3 22. Qg2 Bd4 23. Qd5+ Kg7 24. Kg2 Qe7 25. Kh3 Rxd3 26. a4 Qe2 27. Re1 Qh5+
0-1

[Event "K41 Aabent Mesterskab 2009-10"]
[Site "Valby"]
[Date "2010.02.16"]
[Round "8"]
[White "Gjedde, Thomas"]
[Black "Laursen, Niels Norskov"]
[Result "1/2-1/2"]
[WhiteElo "2057"]
[BlackElo "2172"]
[PlyCount "83"]
[EventDate "2009.??.??"]

1. d4 Nf6 2. c4 g6 3. Nc3 Bg7 4. e4 d6 5. f4 O-O 6. Nf3 c5 7. d5 e6 8. Bd3 exd5
9. cxd5 Bg4 10. O-O Re8 11. h3 Bxf3 12. Qxf3 Nbd7 13. a4 a6 14. Be3 Rc8 15.
Rae1 Qa5 16. Kh1 Qb4 17. Qf2 Re7 18. Bd2 Qd4 19. Bb1 Qxf2 20. Rxf2 c4 21. Be3
Nc5 22. Bxc5 Rxc5 23. Rd1 Nd7 24. g4 Ra5 25. Bc2 Bxc3 26. bxc3 f6 27. Kg2 Nc5
28. Kf3 b5 29. axb5 Rxb5 30. Ke3 f5 31. gxf5 gxf5 32. Rg2+ Kf7 33. Rdg1 Kf6 34.
Rg8 fxe4 35. Rf8+ Rf7 36. Rxf7+ Kxf7 37. Bxe4 Rb3 38. Rc1 h6 39. Bf5 Kf6 40.
Bh7 Rb2 41. Rg1 a5 42. Rg6+ 1/2-1/2

[Event "K41 Aabent Mesterskab 2009-10"]
[Site "Valby"]
[Date "2010.02.16"]
[Round "8"]
[White "Gjelstrup, Ole"]
[Black "Munk, Poul"]
[Result "0-1"]
[WhiteElo "1438"]
[BlackElo "1861"]
[PlyCount "56"]
[EventDate "2009.??.??"]

1. d4 Nf6 2. Nf3 g6 3. b3 Bg7 4. Bb2 O-O 5. e3 d6 6. Nbd2 Nbd7 7. Bd3 c6 8. O-O
Qc7 9. c3 Re8 10. Re1 e5 11. e4 b6 12. Rc1 Bb7 13. c4 exd4 14. Nxd4 Rad8 15. f4
Nc5 16. Bb1 Ne6 17. Nxe6 Rxe6 18. e5 dxe5 19. Bxe5 Qe7 20. Qe2 Nd7 21. Nf3 f6
22. Bxf6 Qc5+ 23. Qf2 Qxf2+ 24. Kxf2 Rxe1 25. Rxe1 Bxf6 26. g4 Kf7 27. f5 g5
28. Be4 Nc5 0-1

[Event "K41 Aabent Mesterskab 2009-10"]
[Site "Valby"]
[Date "2010.02.23"]
[Round "8"]
[White "Glibstrup, Jakob"]
[Black "Mouritsen, Jan"]
[Result "0-1"]
[WhiteElo "1954"]
[BlackElo "1705"]
[PlyCount "64"]
[EventDate "2009.??.??"]

1. e4 c5 2. Nf3 e6 3. d4 cxd4 4. Nxd4 Nf6 5. Nc3 d6 6. Be3 a6 7. f3 b5 8. Qd2
Nbd7 9. O-O-O Bb7 10. Qf2 b4 11. Nce2 Qa5 12. Kb1 d5 13. Nb3 Qc7 14. exd5 Nxd5
15. Bc1 Be7 16. Ned4 O-O 17. f4 Nc5 18. Nxc5 Bxc5 19. Qh4 Be7 20. Qf2 Bf6 21.
Rg1 Rfd8 22. g4 Nc3+ 23. bxc3 bxc3 24. Nxe6 fxe6 25. Bd3 Bd5 26. g5 Rab8+ 27.
Ka1 Rb2 28. Bxb2 cxb2+ 29. Kb1 Bxa2+ 30. Kxa2 Qa5+ 31. Kb3 Rb8+ 32. Kc4 Qd5#
0-1

[Event "K41 Aabent Mesterskab 2009-10"]
[Site "Valby"]
[Date "2010.02.16"]
[Round "8"]
[White "Greger, Roland Reinhard"]
[Black "Porte, Henrik"]
[Result "1-0"]
[WhiteElo "2370"]
[BlackElo "2136"]
[PlyCount "81"]
[EventDate "2009.??.??"]

1. e4 c6 2. d4 d5 3. e5 Bf5 4. Nc3 e6 5. g4 Bg6 6. Nge2 Nd7 7. h4 h6 8. Be3 Ne7
9. Qd2 c5 10. h5 Bh7 11. f4 Nc6 12. Bg2 Be7 13. O-O O-O 14. Rae1 Rc8 15. f5
cxd4 16. Nxd4 Ndxe5 17. fxe6 Nc4 18. Nxc6 bxc6 19. exf7+ Rxf7 20. Qe2 Nxe3 21.
Qxe3 Qb6 22. Nxd5 cxd5 23. Qxb6 Rxf1+ 24. Kxf1 axb6 25. Rxe7 Kf8 26. Rb7 d4 27.
c3 d3 28. Rd7 Re8 29. Bf3 Re6 30. Kf2 Re5 31. Rd6 b5 32. Rd5 Rxd5 33. Bxd5 Ke7
34. Bc6 Kf6 35. Bxb5 Kg5 36. Ke3 Kxg4 37. Be8 Kg3 38. a4 Kg2 39. a5 Kf1 40. Kd2
Be4 41. a6 1-0

[Event "K41 Aabent Mesterskab 2009-10"]
[Site "Valby"]
[Date "2010.02.16"]
[Round "8"]
[White "Hojland, Ulrik"]
[Black "Karup, Jesper"]
[Result "0-1"]
[WhiteElo "1122"]
[BlackElo "1706"]
[PlyCount "64"]
[EventDate "2009.??.??"]

1. e4 e6 2. d4 d5 3. Nc3 Bb4 4. e5 c5 5. a3 Bxc3+ 6. bxc3 Ne7 7. Qg4 O-O 8. Bd3
f5 9. exf6 Rxf6 10. Bg5 Rf7 11. Nf3 Nbc6 12. Qh5 g6 13. Qg4 e5 14. Bxe7 Rxe7
15. Qg3 e4 16. Bxe4 Rxe4+ 17. Kf1 cxd4 18. Nxd4 Nxd4 19. cxd4 b6 20. h4 Qe7 21.
h5 Bf5 22. hxg6 Bxg6 23. Rh5 Re8 24. Kg1 Rxd4 25. Kh2 Qg7 26. Rg5 Qh6+ 27. Kg1
Rh4 28. f4 Rh1+ 29. Kf2 Rxa1 30. f5 Rf1+ 31. Kxf1 Qh1+ 32. Kf2 Qe1+ 0-1

[Event "K41 Aabent Mesterskab 2009-10"]
[Site "Valby"]
[Date "2010.02.16"]
[Round "8"]
[White "Jorgensen, Orla Eilegaard"]
[Black "Nissen, Kaspar"]
[Result "1-0"]
[WhiteElo "1643"]
[BlackElo "1418"]
[PlyCount "55"]
[EventDate "2009.??.??"]

1. Nf3 Nf6 2. d4 g6 3. c4 Bg7 4. Nc3 O-O 5. e4 d6 6. Be2 c5 7. d5 e6 8. O-O
exd5 9. cxd5 Bg4 10. h3 Bxf3 11. Bxf3 a6 12. Bg5 Nbd7 13. a4 Ne5 14. Be2 Qb6
15. b3 Qb4 16. Bd2 Nxe4 17. Nxe4 Qxe4 18. Bc3 f5 19. Rc1 f4 20. f3 Qf5 21. Re1
Qh5 22. b4 Rf5 23. bxc5 Rg5 24. Kh1 dxc5 25. Bxe5 Bxe5 26. Rxc5 Bd6 27. Rc2
Rxd5 28. Bc4 1-0

[Event "K41 Aabent Mesterskab 2009-10"]
[Site "Valby"]
[Date "2010.02.16"]
[Round "8"]
[White "Kristensen, Steffen Michael"]
[Black "Meldal, Peter"]
[Result "1/2-1/2"]
[WhiteElo "1390"]
[BlackElo "1380"]
[PlyCount "99"]
[EventDate "2009.??.??"]

1. e4 e6 2. d4 d5 3. e5 c5 4. Nf3 Nc6 5. c3 Be7 6. Bb5 f6 7. Be3 cxd4 8. Nxd4
Bd7 9. Bxc6 bxc6 10. O-O c5 11. exf6 Nxf6 12. Nf3 O-O 13. Ne5 Bb5 14. Re1 Bd6
15. Nf3 Qc7 16. g3 Bc6 17. Ng5 Rae8 18. Qd3 h6 19. Nh3 Ng4 20. Nd2 Qb7 21. Ne4
dxe4 22. Qxd6 Nxe3 23. fxe3 Rf5 24. Nf4 Qc8 25. Ng6 Qd7 26. Qxd7 Bxd7 27. Rf1
Kh7 28. Rxf5 exf5 29. Nf4 g5 30. Nd5 Kg6 31. Rd1 Bb5 32. b3 Bd3 33. c4 a5 34.
Rd2 Rb8 35. Nc3 Kh5 36. Rb2 Kg4 37. Kg2 f4 38. h3+ Kf5 39. Rf2 f3+ 40. Kg1 g4
41. h4 Rb4 42. Rd2 Ke5 43. Kf2 Rb6 44. Nd5 Rd6 45. Nc3 h5 46. Nb5 Rd7 47. Nc3
Kf5 48. Rd1 Ke5 49. Rd2 Kf5 50. Rd1 1/2-1/2

[Event "K41 Aabent Mesterskab 2009-10"]
[Site "Valby"]
[Date "2010.02.16"]
[Round "8"]
[White "Krogh, Soren"]
[Black "Nielsen, Jorgen Holmstrom"]
[Result "0-1"]
[WhiteElo "1183"]
[BlackElo "1650"]
[PlyCount "70"]
[EventDate "2009.??.??"]

1. b4 d5 2. Bb2 Bd7 3. Nf3 a5 4. a3 e6 5. e3 Nf6 6. b5 c5 7. Be2 a4 8. c4 Ne4
9. d3 Qa5+ 10. Nbd2 Nc3 11. Qc2 Nxe2 12. Kxe2 f6 13. h4 Be7 14. g4 dxc4 15.
dxc4 e5 16. Rag1 Be6 17. h5 Nd7 18. h6 g6 19. Nh4 Rg8 20. Rh3 O-O-O 21. e4 Nb6
22. Rd3 Rxd3 23. Qxd3 Rd8 24. Bc3 Qa8 25. Qc2 Nxc4 26. Bb4 Nxd2 27. Bxd2 Rd4
28. f3 Bc4+ 29. Ke1 Bxb5 30. Be3 Rc4 31. Qb1 Qa6 32. Rg3 Rc3 33. Bc1 Bf1 34.
Kf2 Qe2+ 35. Kg1 Qe1 0-1

[Event "K41 Aabent Mesterskab 2009-10"]
[Site "Valby"]
[Date "2010.02.16"]
[Round "8"]
[White "Moller, Arne Vagn"]
[Black "Truelsen, Ole Illum"]
[Result "1/2-1/2"]
[WhiteElo "1790"]
[BlackElo "1715"]
[PlyCount "49"]
[EventDate "2009.??.??"]

1. e4 e6 2. d4 d5 3. Nc3 Nf6 4. exd5 exd5 5. Bg5 Be7 6. Nf3 Bg4 7. h3 Bh5 8. g4
Bg6 9. Ne5 c6 10. Nxg6 hxg6 11. Bd2 Nbd7 12. Qf3 Qb6 13. O-O-O Qxd4 14. Be3 Qb4
15. Rd4 Qa5 16. Ra4 Qc7 17. Bg2 b5 18. Rf4 Bd6 19. Qe2 Ne4 20. Rxe4+ dxe4 21.
Nxe4 O-O 22. Nxd6 Qxd6 23. Rd1 Qe6 24. Kb1 Nb6 25. b3 1/2-1/2

[Event "K41 Aabent Mesterskab 2009-10"]
[Site "Valby"]
[Date "2010.02.16"]
[Round "8"]
[White "Nielsen, Leonard de Freitas"]
[Black "Christensen, Esben"]
[Result "0-1"]
[WhiteElo "1930"]
[BlackElo "1963"]
[PlyCount "64"]
[EventDate "2009.??.??"]

1. e4 c5 2. Nf3 e6 3. d4 cxd4 4. Nxd4 Nf6 5. Nc3 d6 6. Be3 a6 7. Be2 Qc7 8. Qd2
b5 9. a3 Bb7 10. f3 Nc6 11. g4 Ne5 12. g5 Nfd7 13. f4 Nc4 14. Bxc4 Qxc4 15. f5
Ne5 16. fxe6 fxe6 17. Rf1 Rc8 18. O-O-O Be7 19. h4 b4 20. axb4 Qxb4 21. Nb3 a5
22. Qd4 Rc4 23. Qa7 a4 24. Bc5 Nc6 25. Bxb4 Nxa7 26. Rd4 Ba6 27. Rfd1 axb3 28.
Bxd6 Rxd4 29. Rxd4 Nc6 30. Ra4 Bxd6 31. Rxa6 Bf4+ 32. Kd1 bxc2+ 0-1

[Event "K41 Aabent Mesterskab 2009-10"]
[Site "Valby"]
[Date "2010.02.16"]
[Round "8"]
[White "Nielsen, Soren Skovso"]
[Black "Lofberg, Jan"]
[Result "1/2-1/2"]
[WhiteElo "1454"]
[BlackElo "1801"]
[PlyCount "74"]
[EventDate "2009.??.??"]

1. e4 c5 2. Nf3 Nc6 3. d4 cxd4 4. Nxd4 Nf6 5. Nxc6 bxc6 6. Bd3 e6 7. O-O Be7 8.
Nd2 d5 9. exd5 cxd5 10. Bb5+ Bd7 11. Bxd7+ Qxd7 12. Nf3 Qc7 13. c3 h6 14. Qa4+
Qd7 15. Qxd7+ Nxd7 16. Re1 O-O 17. Bd2 Nc5 18. Be3 Nd3 19. Re2 Bc5 20. Bxc5
Nxc5 21. Ne5 Rfd8 22. Rd1 f6 23. Ng6 Kf7 24. Nh4 g5 25. Nf3 e5 26. Red2 Ke6 27.
h3 Ne4 28. Re2 Rac8 29. Ne1 Nc5 30. Nc2 Na4 31. Nd4+ Kf7 32. Nf5 h5 33. Ne3 d4
34. cxd4 exd4 35. Nf5 d3 36. Red2 g4 37. Rxd3 Rxd3 1/2-1/2

[Event "K41 Aabent Mesterskab 2009-10"]
[Site "Valby"]
[Date "2010.02.16"]
[Round "8"]
[White "Rasmussen, Morten(1956)"]
[Black "Nielsen, Michael"]
[Result "1/2-1/2"]
[WhiteElo "1599"]
[BlackElo "2053"]
[PlyCount "66"]
[EventDate "2009.??.??"]

1. d4 Nf6 2. c4 c5 3. Nf3 g6 4. Nc3 Bg7 5. e4 cxd4 6. Nxd4 d6 7. Be2 Nc6 8. Be3
h5 9. f3 Bd7 10. Qd2 a6 11. O-O Rc8 12. Nd5 O-O 13. Nb3 Nxd5 14. cxd5 Ne5 15.
Rac1 h4 16. h3 Bb5 17. Rxc8 Qxc8 18. Bg5 Qd7 19. Rc1 Bxe2 20. Qxe2 f6 21. Bxh4
Bh6 22. Rc3 Qa4 23. a3 Bf4 24. Bf2 f5 25. Nd4 fxe4 26. fxe4 Nd7 27. Ne6 Rf6 28.
Rc4 Qa5 29. Qg4 Be3 30. Rc8+ Kf7 31. Nd8+ Kg7 32. Ne6+ Kf7 33. Nd8+ Kg7 1/2-1/2

[Event "K41 Aabent Mesterskab 2009-10"]
[Site "Valby"]
[Date "2010.02.16"]
[Round "8"]
[White "Skjoldager, Mikael"]
[Black "Henriksen, Christian"]
[Result "1-0"]
[WhiteElo "1753"]
[BlackElo "1690"]
[PlyCount "81"]
[EventDate "2009.??.??"]

1. e4 e6 2. d4 d5 3. Nc3 Bb4 4. e5 c5 5. a3 Bxc3+ 6. bxc3 Qc7 7. Nf3 Nc6 8. Be2
Bd7 9. O-O Nge7 10. Re1 c4 11. a4 f6 12. Bf1 O-O-O 13. Bf4 Ng6 14. Bg3 f5 15.
Nh4 Nge7 16. Bf4 h6 17. Bc1 g5 18. Nf3 Rdg8 19. Ba3 Ng6 20. a5 Qd8 21. Bc5 g4
22. Nd2 Qg5 23. g3 f4 24. Qb1 a6 25. Bd6 fxg3 26. fxg3 h5 27. Qb6 Qd8 28. Reb1
Qxb6 29. Rxb6 Nd8 30. Nxc4 dxc4 31. Bxc4 Bc6 32. Rf1 h4 33. Rf6 Kd7 34. Bd3
hxg3 35. hxg3 Rh1+ 36. Kf2 Rgh8 37. Rxg6 R8h2+ 38. Ke3 Re1+ 39. Kf4 Rh7 40. Rf6
Bf3 41. Bxh7 1-0

[Event "K41 Aabent Mesterskab 2009-10"]
[Site "Valby"]
[Date "2010.02.25"]
[Round "8"]
[White "Tandrup, Michael"]
[Black "Petersen, Steen Brustrup"]
[Result "1/2-1/2"]
[WhiteElo "1934"]
[BlackElo "2130"]
[PlyCount "58"]
[EventDate "2009.??.??"]

1. d4 Nf6 2. Nf3 d5 3. e3 e6 4. Bd3 c5 5. b3 Nc6 6. Bb2 Be7 7. Nbd2 O-O 8. c4
cxd4 9. exd4 b6 10. O-O Bb7 11. Rc1 Rc8 12. Bb1 Re8 13. Ne5 dxc4 14. Ndxc4 Nb4
15. Qd2 Nbd5 16. a3 Rc7 17. Ne3 Rxc1 18. Rxc1 Nxe3 19. Qxe3 Qd5 20. f3 Qd6 21.
Nc4 Qb8 22. Qe5 Nd5 23. Qxb8 Rxb8 24. Ne5 Bg5 25. Re1 Rc8 26. Nc4 Be7 27. g3
Rd8 28. Rc1 Bf6 29. Ne5 g6 1/2-1/2

[Event "K41 Aabent Mesterskab 2009-10"]
[Site "Valby"]
[Date "2010.03.02"]
[Round "9"]
[White "Christensen, Aage Niels"]
[Black "Jorgensen, Orla Eilegaard"]
[Result "0-1"]
[WhiteElo "1391"]
[BlackElo "1643"]
[PlyCount "50"]
[EventDate "2009.??.??"]

1. e4 c6 2. d4 d5 3. Nc3 dxe4 4. Nxe4 Bf5 5. Ng3 Bg6 6. Nf3 Nd7 7. h4 h5 8. Bc4
Ngf6 9. Bg5 Ne4 10. Nxe4 Bxe4 11. Qe2 Bg6 12. Bf4 Nb6 13. Bb3 e6 14. Bxe6 fxe6
15. Qxe6+ Qe7 16. Ng5 Nd5 17. Qxe7+ Bxe7 18. Be5 O-O 19. c3 Bxg5 20. hxg5 Rf5
21. O-O Raf8 22. Rae1 Rxg5 23. Rd1 Nf4 24. Bxf4 Rxf4 25. c4 Be4 0-1

[Event "K41 Aabent Mesterskab 2009-10"]
[Site "Valby"]
[Date "2010.03.02"]
[Round "9"]
[White "Henriksen, Christian"]
[Black "Moller, Arne Vagn"]
[Result "1-0"]
[WhiteElo "1690"]
[BlackElo "1790"]
[PlyCount "81"]
[EventDate "2009.??.??"]

1. Nf3 Nf6 2. b3 g6 3. Bb2 Bg7 4. d4 d5 5. e3 O-O 6. Bd3 Nbd7 7. O-O c5 8. c3
b6 9. Nbd2 Bb7 10. Rc1 Ne4 11. Bb1 e5 12. dxe5 Nxe5 13. Qc2 Re8 14. Rfd1 Qe7
15. Nxe5 Bxe5 16. Nf3 Bg7 17. c4 Bxb2 18. Qxb2 dxc4 19. bxc4 Rad8 20. Bd3 Ng5
21. Nxg5 Qxg5 22. Bf1 Bc6 23. Qc2 Qe7 24. Rxd8 Rxd8 25. Rd1 Rxd1 26. Qxd1 Qd7
27. Qc2 a6 28. g3 Qb7 29. Qc3 Qe7 30. Bg2 Bxg2 31. Kxg2 Qe4+ 32. Kh3 h5 33. a3
g5 34. Qf6 Qe6+ 35. Qxe6 fxe6 36. a4 Kf7 37. g4 h4 38. f4 Kf6 39. Kg2 e5 40.
Kf3 gxf4 41. exf4 1-0

[Event "K41 Aabent Mesterskab 2009-10"]
[Site "Valby"]
[Date "2010.03.02"]
[Round "9"]
[White "Jorgensen, Rasmus"]
[Black "Greger, Roland Reinhard"]
[Result "0-1"]
[WhiteElo "1928"]
[BlackElo "2370"]
[PlyCount "76"]
[EventDate "2009.??.??"]

1. e4 e6 2. d4 d5 3. Nc3 Nf6 4. Bg5 dxe4 5. Nxe4 Be7 6. Bxf6 gxf6 7. Nf3 b6 8.
g3 Bb7 9. Ned2 Nd7 10. Bg2 c5 11. O-O Qc7 12. Re1 f5 13. c4 cxd4 14. Nxd4 Bxg2
15. Kxg2 Nc5 16. Qf3 Rd8 17. Nb5 Qc8 18. Nxa7 Qd7 19. Nc6 Qxd2 20. Red1 Qxb2
21. Nxd8 Bxd8 22. Rab1 Qe5 23. Qc6+ Ke7 24. Re1 Qc7 25. Qb5 h5 26. h4 Rg8 27.
Qb2 f4 28. Qe5 Nd3 29. Qxc7+ Bxc7 30. Red1 Nc5 31. Rb5 fxg3 32. f3 Ra8 33. Rd2
Ra3 34. Rbb2 Nd3 35. Rb1 f5 36. Rbd1 Nc5 37. Rb1 Kf6 38. Rbd1 Rc3 0-1

[Event "K41 Aabent Mesterskab 2009-10"]
[Site "Valby"]
[Date "2010.03.02"]
[Round "9"]
[White "Karup, Jesper"]
[Black "Jorgensen, Kasper Moller"]
[Result "0-1"]
[WhiteElo "1706"]
[BlackElo "2013"]
[PlyCount "92"]
[EventDate "2009.??.??"]

1. e4 c5 2. Nf3 Nc6 3. d4 cxd4 4. Nxd4 Nf6 5. Nc3 d6 6. Bc4 e6 7. Be3 Be7 8.
Qe2 a6 9. O-O-O O-O 10. g4 Nxd4 11. Bxd4 e5 12. Bxe5 Bxg4 13. f3 Be6 14. Bxe6
fxe6 15. Bxd6 Bxd6 16. e5 Nd5 17. exd6 Qxd6 18. Nxd5 exd5 19. Rhe1 Rad8 20. Kb1
Rf5 21. Qe7 Qxe7 22. Rxe7 Rf7 23. Re3 Rdf8 24. Rxd5 Rxf3 25. Rxf3 Rxf3 26. Kc1
Rf1+ 27. Rd1 Rf2 28. Rd2 Rf1+ 29. Rd1 Rxd1+ 30. Kxd1 Kf7 31. Ke2 Ke6 32. c4 Ke5
33. Ke3 g5 34. b4 g4 35. b5 a5 36. b6 a4 37. a3 Kd6 38. Kd4 h5 39. c5+ Kc6 40.
Ke4 h4 41. Kf4 Kxc5 42. Kxg4 Kxb6 43. Kxh4 Kc6 44. Kg3 b5 45. h4 b4 46. h5 bxa3
0-1